000 00578nam a2200205Ia 4500
005 20250326142452.0
008 250326s9999 xx 000 0 und d
020 _a0-7494-2969-0
037 _aTextbook
040 _aFMSL
_beng
_cFMSL
041 _aeng
_2eng
084 _aB28DbX N9
_qFMSL
100 _aHannagan Tim
_9287962
245 0 _aEffective use of statistics : Practical guide for managers
_cHannagan Tim
250 _a2
260 _aLondon
_bLondon, Kogan page
_c1999
300 _ax,162
942 _cTB
_hB28DbX N9
999 _c1295173
_d1295173